00203nam a22000857a 4500020001700000100002500017245003200042260003100074300001200105 a0559048818-X aLaura Ingalls Wilder aLittle House On the Prairie aNew YorkbScholasticc1935 a334 pgs